| 000 | 00328nam a22001097a 4500 | ||
|---|---|---|---|
| 008 | 230620b xxu||||| |||| 00| 0 eng d | ||
| 082 |
_a305.42 _bUN 1996 |
||
| 245 | _aPlatform For Action and the Beijing Declaration | ||
| 260 |
_aNew York _bUnited Nations Department of Public Information _c1996 |
||
| 300 | _a178p | ||
| 942 |
_2ddc _cBK |
||
| 999 |
_c1468 _d1468 |
||